LEADER 00900nam a2200205 i 4500 001 000000053224 003 CaOOAMICUS 005 20120928000000.0 008 120928s1983 it u000 u ita u 013 $a24396 040 $aSeMil$bita 245 10$aAngera e il Verbano orientale nell'antichità :$bAtti della giornata di studio, Rocca di Angera, 11 settembre 1982. 260 $aMilano :$bEdizioni ET,$c1983. 300 $a215 p. ;$c24 cm. 500 $aIn testa al front. : Museo Civico di Angera. 650 4$aAngera.$0(OLS)http://semarc/subject/10633 850 $aSeMil 852 $aSeMil$W1$xVenegono$y1$m3P IV 232$j19378$B19378$CSeMilBibl$Z2$F19380 $81 996 $6245$aAngera e il Verbano orientale nell'antichità :$bAtti della giornata di studio, Rocca di Angera, 11 settembre 1982$9(OLS)http://semarc/title/81945 996 $6260$aMilano :$bEdizioni ET$9(OLS)http://semarc/publisher/36412 LEADER 00989nam a2200253 i 4500 001 000000001341 003 CaOOAMICUS 005 20260415145807.0 008 180830s1969 it u000 u ita u 040 $aSeMil$bita 100 1 $aBoccaccio, Giovanni,$d<1313-1375>.$0(OLS)http://semarc/name/1203 245 10$aOpere minori in volgare /$cGiovanni Boccaccio ; a cura di Mario Marti. 264 1$aMilano :$bRizzoli,$c1969-1971. 300 $a4 v. ;$c20 cm. 490 1 $aI classici Rizzoli 700 1 $aMarti, Mario.$0(OLS)http://semarc/name/1204 774 0 $tFilocolo.$g1$w()76113 774 0 $t[Opere minori in volgare].$g2$w()76114 774 0 $t[Opere minori in volgare].$g3$w()76115 774 0 $t[Opere minori in volgare].$g4$w()137914 830 2$aI classici Rizzoli.$0(OLS)http://semarc/title/7352 996 $6245$aOpere minori in volgare$9(OLS)http://semarc/title/2191 996 $6264$aMilano :$bRizzoli$9(OLS)http://semarc/publisher/29824